Moulton and Geden concordance to the Greek New Testament / (Record no. 14867)
[ view plain ]
| 000 -LEADER | |
|---|---|
| fixed length control field | 00764nam a22002292 4500 |
| 001 - CONTROL NUMBER | |
| control field | 0000000847 |
| 005 - DATE AND TIME OF LATEST TRANSACTION | |
| control field | 20151217161129.0 |
| 008 - FIXED-LENGTH DATA ELEMENTS--GENERAL INFORMATION | |
| fixed length control field | 070221s xx 000 0 eng d |
| 020 ## - INTERNATIONAL STANDARD BOOK NUMBER | |
| International Standard Book Number | 0567085716 : |
| Terms of availability | KES 15,500 |
| 040 ## - CATALOGING SOURCE | |
| Original cataloging agency | KABU |
| Transcribing agency | KABU |
| 050 #0 - LIBRARY OF CONGRESS CALL NUMBER | |
| Classification number | BS2302 |
| Item number | .M68 2002 |
| 100 1# - MAIN ENTRY--PERSONAL NAME | |
| Personal name | Moulton, William F. |
| -- | 0000149226 |
| 245 10 - TITLE STATEMENT | |
| Title | Moulton and Geden concordance to the Greek New Testament / |
| Statement of responsibility, etc. | W. F. Moulton, Alfred S. Geden. |
| 250 ## - EDITION STATEMENT | |
| Edition statement | 6th ed. / |
| Remainder of edition statement | ed. by I. Howard Marshall. |
| 260 ## - PUBLICATION, DISTRIBUTION, ETC. (IMPRINT) | |
| Place of publication, distribution, etc. | London : |
| Name of publisher, distributor, etc. | T & T Clark, |
| Date of publication, distribution, etc. | 2002. |
| 300 ## - PHYSICAL DESCRIPTION | |
| Extent | xxi, 1121 p. |
| 630 00 - SUBJECT ADDED ENTRY--UNIFORM TITLE | |
| Uniform title | Bible. N.T. |
| Language of a work | Greek. |
| Form subdivision | Concordance. |
| -- | 0000149227 |
| 700 1# - ADDED ENTRY--PERSONAL NAME | |
| Personal name | Geden, Alfred S. |
| -- | 0000149228 |
| 908 ## - PUT COMMAND PARAMETER (RLIN) | |
| Put command parameter | 070221 |
| 950 ## - LOCAL HOLDINGS (RLIN) | |
| -- | 1 |
| Withdrawn status | Lost status | Source of classification or shelving scheme | Not for loan | Home library | Current library | Date acquired | Total Checkouts | Full call number | Barcode | Date last seen | Price effective from | Koha item type |
|---|---|---|---|---|---|---|---|---|---|---|---|---|
| Library of Congress Classification | Not For Loan | Kabarak, Main Campus | Kabarak, Main Campus | 17/12/2015 | BS2302 .M68 2002 | 009661 | 17/12/2015 | 17/12/2015 | Reference |